Ευρωπαϊκή Ενοποίηση / Μια Θεσμική, Πολιτική και Οικονομική Προσέγγιση (Record no. 4081)
[ view plain ]
| 000 -LEADER | |
|---|---|
| fixed length control field | 01437cam a22001934a 4500 |
| 005 - ΗΜΕΡΟΜΗΝΙΑ ΚΑΙ ΩΡΑ ΤΕΛΕΥΤΑΙΑΣ ΕΝΗΜΕΡΩΣΗΣ | |
| Πεδίο ελέγχου | 20250605163422.0 |
| 008 - FIXED-LENGTH DATA ELEMENTS--GENERAL INFORMATION | |
| Πεδίο ελέγχου σταθερού μήκους | 250528s ||||||||||||||||||||||||d |
| 035 ## - SYSTEM CONTROL NUMBER | |
| System control number | 18765 |
| 020 ## - ISBN | |
| ISBN | 9602860707 |
| 040 ## - ΠΗΓΗ ΚΑΤΑΛΟΓΟΓΡΑΦΗΣΗΣ | |
| Φορέας πρωτότυπης καταλογογράφησης | MC Athens Campus Library |
| Γλώσσα καταλογογράφησης | Ελληνικά, Μοντέρνα (1453-) |
| Modifying agency | MC Athens Campus Library |
| Κανόνες περιγραφικής καταλογογράφησης | AACR2 |
| 245 1# - ΤΙΤΛΟΣ ΚΑΙ ΔΗΛΩΣΗ ΥΠΕΥΘΥΝΟΤΗΤΑΣ | |
| Τίτλος | Ευρωπαϊκή Ενοποίηση / Μια Θεσμική, Πολιτική και Οικονομική Προσέγγιση |
| 260 ## - PUBLICATION, DISTRIBUTION, ETC. | |
| Name of publisher, distributor, etc. | Έλλην, |
| Date of publication, distribution, etc. | 1993 |
| 300 ## - PHYSICAL DESCRIPTION | |
| Extent | 248 |
| 520 ## - SUMMARY, ETC. | |
| Summary, etc. | Ιστορική Αναδρομή της Ευρωπαϊκής Ιδέας, Από τη Συνθήκη της Ρώμης στην Εσωτερική Αγορά, Βασικές Έννοιες του Θεσμικού Κοινοτικού Δικαίου, Τα Όργανα της Ευρωπαϊκής Κοινότητας, Οι Τέσσερις Βασικές Κοινοτικές Ελευθερίες, Πολιτική Ανταγωνισμού, Βιομηχανική Πολιτική και Έρευνα, Κοινή Αγροτική Πολιτική, Περιφερειακή Πολιτική της Κοινότητας, Ο Προϋπολογισμός της Κοινότητας, Φορολογική και Δημοσιονομική Πολιτική, Οικονομική και Νομισματική Ένωση, Η Κοινωνική Πρόκληση ,Βιβλιογραφία. |
| 700 1# - ΠΡΟΣΘΕΤΗ ΑΝΑΓΡΑΦΗ--ΦΥΣΙΚΟ ΠΡΟΣΩΠΟ | |
| Personal name | Σαρρής Νίκος |
| 942 ## - ADDED ENTRY ELEMENTS (KOHA) | |
| Koha item type | Books |
| Τύπος τεκμηρίου | Βιβλιοθήκη | Τρέχουσα τοποθεσία | Barcode | Αριθμός εισαγωγής | Ημερομηνία απόκτησης | Ταξιθετικό σύμβολο | Αριθμός αντιτύπου | Κατάσταση απόσυρσης | Κατάσταση χαμένου | Κατάσταση κατεστραμμένου | Μη δανεισμός | Σύνολο δανεισμών | Ημερομηνία τελευταίας εμφάνισης | Η τιμή ισχύει από |
|---|---|---|---|---|---|---|---|---|---|---|---|---|---|---|
| Books | MC Athens Campus Library | MC Athens Campus Library | 9780000040800 | 3675 | 05/06/2025 | 341.242 2 SAR | 1 | 05/06/2025 | 05/06/2025 |